Województwa w II RP - Statystyki

Ogólne statystyki
  • Ten quiz został rozwiązany 300 razy
  • Średni wynik to 13 z 16
Statystyki odpowiedzi
Siedziba wojewody i sejmiku Województwo % Poprawnych
Łódź łódzkie
97%
Kraków krakowskie
96%
Lwów lwowskie
96%
Kielce kieleckie
95%
Poznań poznańskie
95%
Warszawa warszawskie
94%
Lublin lubelskie
93%
Nowogródek nowogródzkie
91%
Białystok białostockie
90%
Tarnopol tarnopolskie
90%
Wilno wileńskie
89%
Katowice śląskie
86%
Stanisławów stanisławowskie
84%
Toruń pomorskie
59%
Łuck wołyńskie
54%
Brześć nad Bugiem poleskie
41%
Nie znaleziono quizów pasujących do podanych kryteriów
Rozkład punktacji
Procent ludzi z każdym wynikiem
Percentyl według liczby udzielonych odpowiedzi
Twoja historia wyników
Nie rozwiązałeś tego quizu